000 00454nam a22001697a 4500
003 BD-DhUL
005 20171109123117.0
008 171109snd. ii ||||| |||| 00| 0 per d
040 _aBD-DhUL
_cBD-DhUL
082 _a891.551
_bFAD
100 0 _aفریابی
245 0 _aدیوان فضي /
_cفریابی
260 _aدھلی :
_bمطبع فتخاد،
_c۔
300 _aص۔ ۱۸۶ ؛
_c۲۴ سم۔
650 0 _aPersian poetry
942 _2ddc
_cBK
999 _c231857
_d231857